You say to brick : (Record no. 7461)

000 -LEADER
fixed length control field 01295cam a2200325 i 4500
005 - DATE AND TIME OF LATEST TRANSACTION
control field 20200309091450.0
008 - FIXED-LENGTH DATA ELEMENTS--GENERAL INFORMATION
fixed length control field 160606s2017 nyuaf 000 0beng
010 ## - LIBRARY OF CONGRESS CONTROL NUMBER
LC control number 2016025613
020 ## - INTERNATIONAL STANDARD BOOK NUMBER
International Standard Book Number 9780374279974 (hardback)
020 ## - INTERNATIONAL STANDARD BOOK NUMBER
Cancelled/invalid ISBN 9780374713317 (e-book)
040 ## - CATALOGING SOURCE
Original cataloging agency DLC
Language of cataloging eng
Transcribing agency DLC
Description conventions rda
Modifying agency DLC
042 ## - AUTHENTICATION CODE
Authentication code pcc
043 ## - GEOGRAPHIC AREA CODE
Geographic area code n-us---
050 00 - LIBRARY OF CONGRESS CALL NUMBER
Classification number NA737.K32
Item number L48 2017
082 00 - DEWEY DECIMAL CLASSIFICATION NUMBER
Classification number 720.92
Edition number 23
Item number WEN
084 ## - OTHER CLASSIFICATION NUMBER
Classification number BIO001000
-- ARC006000
-- ARC005080
Source of number bisacsh
100 1# - MAIN ENTRY--PERSONAL NAME
Personal name Lesser, Wendy,
Relator term author.
245 10 - TITLE STATEMENT
Title You say to brick :
Remainder of title the life of Louis Kahn /
Statement of responsibility, etc Wendy Lesser.
250 ## - EDITION STATEMENT
Edition statement First edition.
300 ## - PHYSICAL DESCRIPTION
Extent 397 pages, 16 unnumbered pages of plates :
Other physical details illustrations ;
Dimensions 24 cm
520 ## - SUMMARY, ETC.
Summary, etc "A definitive biography of the iconic American architect, Louis Kahn"--
600 10 - SUBJECT ADDED ENTRY--PERSONAL NAME
Personal name Kahn, Louis I.,
Dates associated with a name 1901-1974.
650 #0 - SUBJECT ADDED ENTRY--TOPICAL TERM
Topical term or geographic name as entry element Architects
Geographic subdivision United States
Form subdivision Biography.
650 #7 - SUBJECT ADDED ENTRY--TOPICAL TERM
Topical term or geographic name as entry element BIOGRAPHY & AUTOBIOGRAPHY / Artists, Architects, Photographers.
Source of heading or term bisacsh
650 #7 - SUBJECT ADDED ENTRY--TOPICAL TERM
Topical term or geographic name as entry element ARCHITECTURE / Individual Architects & Firms / General.
Source of heading or term bisacsh
650 #7 - SUBJECT ADDED ENTRY--TOPICAL TERM
Topical term or geographic name as entry element ARCHITECTURE / History / Contemporary (1945-).
Source of heading or term bisacsh
906 ## - LOCAL DATA ELEMENT F, LDF (RLIN)
a 7
b cbc
c orignew
d 1
e ecip
f 20
g y-gencatlg
942 ## - ADDED ENTRY ELEMENTS (KOHA)
Source of classification or shelving scheme
955 ## - COPY-LEVEL INFORMATION (RLIN)
Book number/undivided call number, CCAL (RLIN) rk11 2016-06-06
Copy status, CST (RLIN) rk11 2016-06-06 ONIX to Dewey
Classification number, CCAL (RLIN) xn05 2017-04-20 1 copy rec'd., to CIP ver.
Holdings
Withdrawn status Lost status Source of classification or shelving scheme Damaged status Koha normalized classification for sorting Not for loan Permanent location Current location Shelving location Date acquired Full call number Barcode Date last seen Price effective from Koha item type
        720_920000000000000_WEN   BMS College of Architecture, Design and Planning BMS College of Architecture, Design and Planning Book Cart 2020-03-09 720.92 WEN AR-UG1713 2020-03-09 2020-03-09 UG Books
Copyright © 2025, The Librarian, Library and Information Centre, BMSCA D&P, Bengaluru. All Rights Reserved
web counter

Powered by Koha